000 00301nam a2200133Ia 4500
100 _aDavies/W.g
942 _cBK
654 _aSpeed Metal Forming
245 _aDevelopments in High Speed Metal Forming
260 _bMachinery
_aLondon
_c1970
082 _a671.3
300 _a284
546 _aENGLISH
999 _c25672
_d25672